01282nam a2200277 a 450000100100000000500170001000800410002704000250006808200270009310000510012024500760017125000120024726000380025930000210029749000410031850001180035950000430047750400730052060000410059383000480063491000400068204900090072295201250073195201310085699900170098700002098520240305073653.0100825s1985 dr 000 0 spa d aDO-SdBNPbspacBNPHU a923.57293bG633r, 19851 aRodríguez Demorizi, Emilio,d1908-19869103910aPapeles dominicanos de Máximo Gómez /cEmilio Rodríguez Demorizi. a2a. ed. aSanto Domingo :bCorripio,c1985. a446 p. ;c25 cm.1 aFundación Rodríguez Demoriziv23 aIncluye fascímil de portada de la edición publicada: Ciudad Trujillo, República Dominicana: Montalvo, 1954. aIncluye índice de personas y lugares aIncluye referencias bibliográficas y notas al pie de las páginas10aGómez, Máximo,d1836-1905912249 0aFundación Rodríguez Demoriziv23920539 aValidado. Control de calidad BNPHU. aBNPD 0010718PDaPDbPDcHDd2010-08-25iLF1l0o923.57293 G633r, 1985p20985-10r2020-06-25w2020-06-25yLFPDZNo se presta 0010718PDaPDbPDcHDd2013-04-25iLF1l0o923.57293 G633r, 1985p20985-20r2020-06-25te. 2w2020-06-25yLFPDZNo se presta c20488d20488